A dictionary of the English language
Uloženo v:
| Hlavní autor: | |
|---|---|
| Médium: | Kniha |
| Jazyk: | Undetermined |
| Vydáno: |
Cambridge
Cambridge University Press
1996
|
| Témata: | |
| Tagy: |
Přidat tag
Žádné tagy, Buďte první, kdo otaguje tento záznam!
|
| Thư viện lưu trữ: | Trung tâm Học liệu Trường Đại học Cần Thơ |
|---|
| LEADER | 00549nam a2200193Ia 4500 | ||
|---|---|---|---|
| 001 | CTU_103264 | ||
| 008 | 210402s9999 xx 000 0 und d | ||
| 020 | |c 214.11 | ||
| 082 | |a 423 | ||
| 082 | |b J69 | ||
| 100 | |a Johnson, Samuel | ||
| 245 | 2 | |a A dictionary of the English language | |
| 245 | 0 | |c Samuel Johnson | |
| 260 | |a Cambridge | ||
| 260 | |b Cambridge University Press | ||
| 260 | |c 1996 | ||
| 650 | |a English language,Ngôn ngữ tiếng Anh | ||
| 904 | |i Hồng Cẩm | ||
| 980 | |a Trung tâm Học liệu Trường Đại học Cần Thơ | ||